Electoral Outliers Quiz Stats

Quiz Updated Aug 26, 2017

Challenge
Share
Tweet
Score 0/23 Timer 05:00
2 Plays Today
Electoral Outlier % Correct
Ronald Reagan
94.8%
Bernie Sanders
93.6%
Theodore Roosevelt
85.7%
Colin Powell
83.2%
Ron Paul
71.6%
John Kasich
67.9%
John Edwards
66.6%
John Quincy Adams
63.3%
George Wallace
55.9%
Millard Fillmore
47.1%
Strom Thurmond
43.1%
Lloyd Bentsen
31.3%
Electoral Outlier % Correct
Robert LaFollette
21.1%
George Clinton
20.6%
Harry F. Byrd
19.6%
John Bell
17%
Faith Spotted Eagle
16.1%
Walter Burgwyn Jones
10%
James B. Weaver
9.4%
John Hospers
9.4%
William Wirt
9.3%
John Floyd
6.7%
Willie P. Mangum
5.6%

You're not logged in!

Compare scores with friends on all Sporcle quizzes.
Sign Up with Email
OR
Log In

You Might Also Like...

Show Comments

Extras

Top Quizzes Today


Score Distribution

Your Account Isn't Verified!

In order to create a playlist on Sporcle, you need to verify the email address you used during registration. Go to your Sporcle Settings to finish the process.